000 00618nam a2200181 i 4500
001 84517
003 ES-MaACL
005 20230906175028.0
007 t|
008 041123s1961 sp ||||1| spa d
100 1 _aJohnson, Carl G.
_966738
245 1 0 _aMetalurgia /
_cpor Carl G. Johnson . Capítulo XVII Titanio, zirconio, indio y vanadio / por William E. Weeks ; [versión española por José Batllé Gayan].
260 _aBarcelona :
_bReverté,
_c1961.
300 _a398 p. :
_bil. ;
_c21 cm.
700 1 _aWeeks, R.
_9116297
700 1 _aBatlle Gayán, José.
_926445
852 _aES-MaACL
_jC-20438
_bR.48756
999 _c84517
_d84517